Operating Systems (Record no. 3711)

MARC details
000 -LEADER
fixed length control field 00324nam a2200145Ia 4500
008 - FIXED-LENGTH DATA ELEMENTS--GENERAL INFORMATION
fixed length control field 191201s2008 xx 000 0 und d
082 ## - DEWEY DECIMAL CLASSIFICATION NUMBER
Classification number 005.43
Item number GOD
100 ## - MAIN ENTRY--PERSONAL NAME
Personal name Godbole, Achyuts
245 #0 - TITLE STATEMENT
Title Operating Systems
250 ## - EDITION STATEMENT
Edition statement Rep.
260 ## - PUBLICATION, DISTRIBUTION, ETC. (IMPRINT)
Place of publication, distribution, etc N.Delhi
Name of publisher, distributor, etc TMH
Date of publication, distribution, etc 2008
300 ## - PHYSICAL DESCRIPTION
Extent 692
650 ## - SUBJECT ADDED ENTRY--TOPICAL TERM
Topical term or geographic name as entry element MCA
942 ## - ADDED ENTRY ELEMENTS (KOHA)
Source of classification or shelving scheme Dewey Decimal Classification
Koha item type Text Books
942 ## - ADDED ENTRY ELEMENTS (KOHA)
-- 1
Holdings
Withdrawn status Lost status Source of classification or shelving scheme Damaged status Not for loan Collection code Home library Current library Date acquired Source of acquisition Cost, normal purchase price Bill Number Total Checkouts Full call number Acc. no. / Barcode Date last seen Date last borrowed Bill Date Koha item type
    Dewey Decimal Classification     MCA PIET C-LIBRARY PIET C-LIBRARY 27/12/2008 J B C, New Delhi 299.00 SI-4768 1 005.43 GOD 10828 24/01/2025 18/01/2025 20/12/2008 Text Books
    Dewey Decimal Classification     MCA PIET C-LIBRARY PIET C-LIBRARY 27/12/2008 J B C, New Delhi 299.00 SI-4768   005.43 GOD 10829 04/12/2019   20/12/2008 Text Books
    Dewey Decimal Classification     Computer Science & Engineering in Cyber Security PIET C-LIBRARY PIET C-LIBRARY 27/12/2008 J B C, New Delhi 299.00 SI-4768   005.43 GOD 10830 04/12/2019   20/12/2008 Text Books
    Dewey Decimal Classification     Computer Science & Engineering in Cyber Security PIET C-LIBRARY PIET C-LIBRARY 27/12/2008 J B C, New Delhi 299.00 SI-4768   005.43 GOD 10831 04/12/2019   20/12/2008 Text Books
    Dewey Decimal Classification     Computer Science & Engineering in Cyber Security PIET C-LIBRARY PIET C-LIBRARY 27/12/2008 J B C, New Delhi 299.00 SI-4768 1 005.43 GOD 10832 09/11/2020 13/03/2020 20/12/2008 Text Books
    Dewey Decimal Classification     Computer Science & Engineering in Cyber Security PIET C-LIBRARY PIET C-LIBRARY 27/12/2008 J B C, New Delhi 299.00 SI-4768 3 005.43 GOD 10833 12/12/2024 28/11/2024 20/12/2008 Text Books
    Dewey Decimal Classification     Computer Science & Engineering in Cyber Security PIET C-LIBRARY PIET C-LIBRARY 27/12/2008 J B C, New Delhi 299.00 SI-4768 1 005.43 GOD 10834 08/07/2024 03/07/2024 20/12/2008 Text Books
    Dewey Decimal Classification     Computer Science & Engineering in Cyber Security PIET C-LIBRARY PIET C-LIBRARY 27/12/2008 J B C, New Delhi 299.00 SI-4768   005.43 GOD 10835 04/12/2019   20/12/2008 Text Books

Design & Developed by: PIET Central Library
R70 Miles Stone Pattikalyana Samalkha Panipat 132102
mail ID :- [email protected], Phone No:- 0180-2569700 Ex.216